The marketing imagination / (Record no. 344712)
[ view plain ]
| 000 -LEADER | |
|---|---|
| fixed length control field | 01341 a2200193 4500 |
| 020 ## - INTERNATIONAL STANDARD BOOK NUMBER | |
| International Standard Book Number | 0029188407 |
| 020 ## - INTERNATIONAL STANDARD BOOK NUMBER | |
| International Standard Book Number | 9780029188408 |
| 090 ## - LOCALLY ASSIGNED LC-TYPE CALL NUMBER (OCLC); LOCAL CALL NUMBER (RLIN) | |
| -- | 2210 |
| -- | 2210 |
| 100 1# - MAIN ENTRY--PERSONAL NAME | |
| Personal name | Levitt, Theodore. |
| 245 14 - TITLE STATEMENT | |
| Title | The marketing imagination / |
| Statement of responsibility, etc. | Theodore Levitt. |
| 250 ## - EDITION STATEMENT | |
| Edition statement | Number Line 3 4 5 6 7 8 9 10 ed. |
| 260 ## - PUBLICATION, DISTRIBUTION, ETC. | |
| Place of publication, distribution, etc. | [S.l.] : |
| Name of publisher, distributor, etc. | The Free Press, |
| Date of publication, distribution, etc. | 1983. |
| 300 ## - PHYSICAL DESCRIPTION | |
| Extent | 203 p. ; |
| Dimensions | 24 cm. |
| 500 ## - GENERAL NOTE | |
| General note | Hardcover. |
| 520 ## - SUMMARY, ETC. | |
| Summary, etc. | Since its publication in 1983, The Marketing Imagination has been widely praised as the classic, all-inclusive "Levitt on Marketing." Now Theodore Levitt -- renowned as the Harvard Business School's "guru of marketing" -- has newly expanded his original work to recap the developing globalization debate and to respond to his critics. He has also added his famed McKinsey Award-winning essay "Marketing Myopia," and included detailed accounts of how to maximize the product life cycle and achieve the delicate balance between innovation and imitation. As before, this new edition of The Marketing Imagination shows Levitt at his best -- sharp, knowledgeable, erudite, and, yes, as imaginative as ever. |
| 856 40 - ELECTRONIC LOCATION AND ACCESS | |
| Materials specified | Amazon.com |
| Uniform Resource Identifier | <a href="http://www.amazon.com/exec/obidos/ASIN/0029188407/chopaconline-20">http://www.amazon.com/exec/obidos/ASIN/0029188407/chopaconline-20</a> |
| 856 40 - ELECTRONIC LOCATION AND ACCESS | |
| Materials specified | Amazon customer reviews |
| Uniform Resource Identifier | <a href="http://www.chopac.org/cgi-bin/tools/azrev.pl?q=0029188407">http://www.chopac.org/cgi-bin/tools/azrev.pl?q=0029188407</a> |
| 942 ## - ADDED ENTRY ELEMENTS (KOHA) | |
| Institution code [OBSOLETE] | NBS |
| Koha item type | Book |
| Call number prefix | 658.8 LEV |
| Withdrawn status | Lost status | Damaged status | Not for loan | Permanent Location | Current Location | Date acquired | Total Checkouts | Full call number | Barcode | Date last seen | Price effective from | Koha item type |
|---|---|---|---|---|---|---|---|---|---|---|---|---|
| Central Library (CL) | Central Library (CL) | 08/28/2013 | 658.8 LEV | NBS2580 | 08/28/2013 | 08/28/2013 | Book |
